| 000 | 02598cam a2200613 a 4500 | ||
|---|---|---|---|
| 001 | ocm12052089 | ||
| 003 | PE-LiUPU | ||
| 005 | 20250731184526.0 | ||
| 008 | 850424s1986 nyua rb 001 0 eng | ||
| 020 |
_a0231058780 _q(alk. paper) |
||
| 020 | _a0231058799 | ||
| 020 |
_a9780231058780 _q(alk. paper) |
||
| 020 | _a9780231058797 | ||
| 035 | _a(Sirsi) i9780231058780 | ||
| 035 |
_a(OCoLC)12052089 _z(OCoLC)17674693 _z(OCoLC)233387818 |
||
| 040 |
_aDLC _bspa _cDLC _dUKM _dBAKER _dNLGGC _dBTCTA _dYDXCP _dOCLCG _dCKL _dGEBAY _dTULIB _dBDX _dTUU _dOCLCO _dGBVCP _dOCLCQ _dOCLCO _dOCLCF _dOCLCQ _dDEBBG _dOCLCO _dOCL _dPE-LiUPU _erda |
||
| 049 | _aPRUA | ||
| 050 | 0 | 0 |
_aDS558 _b.H44 1986 |
| 082 | 0 | 0 |
_a959.7043373 _bH37 _223 |
| 100 | 1 |
_aHellmann, John, _d1948- , _autor. |
|
| 245 | 1 | 0 |
_aAmerican myth and the legacy of Vietnam / _cJohn Hellmann. |
| 264 | 1 |
_aNew York : _bColumbia University Press, _c1986. |
|
| 300 |
_axiv, 241 páginas : _bilustraciones ; _c24 centímtros. |
||
| 336 |
_atext _2rdacontent |
||
| 337 |
_aunmediated _2rdamedia |
||
| 338 |
_avolume _2rdacarrier |
||
| 504 | _aBibliografía : páginas 225-233. | ||
| 504 | _aÍndice : páginas 235-241. | ||
| 505 | 0 | _a"An angry dream": the Cold War, Southeast Asia, and the American mythic landscape -- The return of the frontier hero: national purpose and the legend of the Green Berets -- The antiwar movement and the frontier -- Good sons: the soldiers' antimyth -- The hero seeks a way out -- Epic return -- Toward new myth. | |
| 526 | _aP136 | ||
| 526 | _aP135 | ||
| 526 | _aP134 | ||
| 526 | _aP133 | ||
| 526 | _aP144 | ||
| 526 | _aP143 | ||
| 526 | _aP87 | ||
| 526 | _aP35 | ||
| 526 | _aP20 | ||
| 526 | _aP14 | ||
| 526 | _aP10 | ||
| 526 | _aP06 | ||
| 650 | 1 | 4 |
_aGuerra del Vietnam, 1961-1975 _zEstados Unidos. |
| 650 | 2 | 4 |
_aGuerra de Vietnam, 1961-1975 _xInfluencia. |
| 650 | 2 | 4 | _aCaracterísticas nacionales, Estados Unidos. |
| 650 | 2 | 4 |
_aGuerra de Vietnam, 1961-1975 _xLiteratura y conflicto. |
| 650 | 2 | 4 |
_aGuerra de Vietnam, 1961-1975 _xCine y conflicto. |
| 910 |
_aebj _bebj _cjck _d20170508 |
||
| 942 |
_2ddc _cBOOK |
||
| 949 |
_a959.7043373 H37 _wDEWEY _c1 _i75454 _lCCODEBUL1 _mBUL _p3.00 _r0 _sY _tBOOK _u2017-05-08 _xPOSGRADO _PP85 _0DONACION _o.STAFF. Colección Teología |
||
| 994 |
_aC0 _bPEPRU |
||
| 596 | _a1 | ||
| 999 |
_a959.7043373 H37 _wDEWEY _c20296 _i75454 _f2021-11-11 _g4 _lCCODEBUL1 _mBUL _p3.00 _r0 _sY _tBOOK _u2017-5-8 _xTEOLOGIA _PP85 _0COMPRA _o.STAFF. Colección Teología _d20296 |
||
| 980 |
_81 _gALBERTO SANCHEZ Responsable de Automatización |
||